Turbulence (Record no. 5373)

000 -LEADER
fixed length control field 00511nam a2200205 i 4500
001 - CONTROL NUMBER
control field 5373
003 - CONTROL NUMBER IDENTIFIER
control field BD-DhUET
008 - FIXED-LENGTH DATA ELEMENTS--GENERAL INFORMATION
fixed length control field 750220s1975 nyua b 001 0 eng
020 ## - INTERNATIONAL STANDARD BOOK NUMBER
International Standard Book Number 0070290377
040 ## - CATALOGING SOURCE
Original cataloging agency DLC
Transcribing agency DLC
Modifying agency BD-DhUET
082 00 - DEWEY DECIMAL CLASSIFICATION NUMBER
Classification number 532.56
Item number HIN/1975
100 1# - MAIN ENTRY--PERSONAL NAME
Personal name Hinze, J. O.
245 00 - TITLE STATEMENT
Title Turbulence
250 ## - EDITION STATEMENT
Edition statement 2nd ed.
260 ## - PUBLICATION, DISTRIBUTION, ETC. (IMPRINT)
Place of publication, distribution, etc. New York
Name of publisher, distributor, etc. McGraw-Hill
Date of publication, distribution, etc. 1975
300 ## - PHYSICAL DESCRIPTION
Extent x,790p.
Other physical details ill.
Dimensions 24 cm.
490 0# - SERIES STATEMENT
Series statement McGraw-Hill series in mechanical engineering
650 #0 - SUBJECT ADDED ENTRY--TOPICAL TERM
Topical term or geographic name as entry element Turbulence
942 ## - ADDED ENTRY ELEMENTS (KOHA)
Koha item type General Book
Holdings
Price effective from Date acquired Koha issues (times borrowed) Koha item type Location (home branch) Lost status Source of classification or shelving scheme Koha full call number Not for loan Withdrawn status Damaged status Piece designation (barcode) Sublocation or collection (holding branch) Copy number Koha date last borrowed Koha normalized classification for sorting Shelving location Koha date last seen
2014-11-262014-11-26 General BookCentral Library, BUET  532.56/HIN/1975   63813Central Library, BUET1 532_560000000000000_HIN_1975Circulation section2014-11-26
2014-11-262014-11-26 General BookCentral Library, BUET  532.56/HIN/1975   63816Central Library, BUET2 532_560000000000000_HIN_1975Circulation section2014-11-26
2014-12-072014-12-07 General BookCentral Library, BUET  532.56/HIN/1975   44334Central Library, BUET3 532_560000000000000_HIN_1975Circulation section2014-12-07
2014-12-072014-12-07 General BookCentral Library, BUET  532.56/HIN/1975   63807Central Library, BUET4 532_560000000000000_HIN_1975Circulation section2014-12-07
2014-12-072014-12-071General BookCentral Library, BUET  532.56/HIN/1975   63812Central Library, BUET52015-03-25532_560000000000000_HIN_1975Circulation section2015-03-29
2014-12-072014-12-07 General BookCentral Library, BUET  532.56/HIN/1975   63805Central Library, BUET6 532_560000000000000_HIN_1975Circulation section2014-12-07
2014-12-072014-12-07 General BookCentral Library, BUET  532.56/HIN/1975   63810Central Library, BUET7 532_560000000000000_HIN_1975Circulation section2014-12-07
2014-12-072014-12-07 General BookCentral Library, BUET  532.56/HIN/1975   63808Central Library, BUET8 532_560000000000000_HIN_1975Circulation section2014-12-07
2014-12-072014-12-07 General BookCentral Library, BUET  532.56/HIN/1975   63809Central Library, BUET9 532_560000000000000_HIN_1975Circulation section2014-12-07
2014-12-072014-12-071General BookCentral Library, BUET  532.56/HIN/1975   63806Central Library, BUET102022-11-14532_560000000000000_HIN_1975Circulation section2023-02-28
2014-12-072014-12-071General BookCentral Library, BUET  532.56/HIN/1975   63815Central Library, BUET112015-05-26532_560000000000000_HIN_1975Circulation section2015-09-14
2015-03-092015-03-09 General BookCentral Library, BUET  532.56/HIN/1975   39158Central Library, BUET12 532_560000000000000_HIN_1975Circulation section2015-03-09
2015-06-072015-06-07 Reading ItemCentral Library, BUET  532.56/HIN/1975   58968Central Library, BUET13 532_560000000000000_HIN_1975Reading section2015-06-07
2015-06-072015-06-07 Reading ItemCentral Library, BUET  532.56/HIN/1975   60653Central Library, BUET14 532_560000000000000_HIN_1975Reading section2015-06-07
2015-06-232015-06-23 Reading ItemCentral Library, BUET  532.56/HIN/1975   52729Central Library, BUET15 532_560000000000000_HIN_1975Reading section2015-06-23
2024-11-161985-06-291General BookCentral Library, BUET  532.56 HIN/1975   63811Central Library, BUET162024-11-27532_560000000000000_HIN_1975Circulation section2024-11-27
2024-11-162024-11-16 General BookCentral Library, BUET  532.56 HIN/1975    Central Library, BUET  532_560000000000000_HIN_1975 2024-11-16
2024-11-162025-09-03 General BookCentral Library, BUET  532.56 HIN/1975   39159Central Library, BUET18 532_560000000000000_HIN_1975Circulation section2024-11-16